| 000 | 00697nam a2200253Ia 4500 | ||
|---|---|---|---|
| 003 | OSt | ||
| 005 | 20220926020216.0 | ||
| 006 | a|||||r|||| 00| 0 | ||
| 007 | ta | ||
| 008 | 220923b |||||||| |||| 00| 0 eng d | ||
| 020 | _a041594449X | ||
| 037 | _cGeneral Book | ||
| 040 |
_aRTL _cRTL _beng |
||
| 041 |
_2eng _aeng |
||
| 082 | _aY15b4, P3 | ||
| 100 |
_aNaples Nancy A _9323858 |
||
| 245 | 0 |
_aFeminism and method _bEthnography, discourse analys |
|
| 260 |
_aNew York _bRoutledge _c2003 |
||
| 300 |
_axi,268p _ccm. |
||
| 500 | _aBibliography: P 227-51 | ||
| 650 | _aWoman Sociology | ||
| 942 |
_hY15b4, P3 _cGB _2CC |
||
| 999 |
_c633622 _d633622 |
||